=LDR 00000nam 2200000 4500 =001 INLIS000000000050205 =005 20170425111024 =035 ##$$a 0010-0417000020 =007 ta =008 170425###########################0###### =020 ##$$a 978 - 602 - 981481 - 2 - 0 =082 ##$$a 371.9 =084 ##$$a 371.9 MUR e =100 ##$$a Murtie, Afin =245 1#$$a Ensiklopedia Anak Berkebutuhan Khusus /$c Afin Murtie =250 ##$$a Cet.4 =260 ##$$a Yogyakarta :$b Maxima,$c 2016 =300 ##$$a 304 hlm. : $b Ilus ; $c 24 cm. =650 ##$$a Anak Bekebutuhab Khusus =990 ##$$a 72907290 =990 ##$$a 72907290 =990 ##$$a 31701405 =990 ##$$a 02201707290 =990 ##$$a 31701406 =990 ##$$a 31701405